| 000 | 02585 a2200409 4500 | ||
|---|---|---|---|
| 001 | 21492584 | ||
| 003 | 000 | ||
| 005 | 20251013153146.0 | ||
| 008 | 200407t20212021nyua b 001 0 eng | ||
| 010 | _a 2020014173 | ||
| 020 | _a9780367478957 | ||
| 035 | _a21492584 | ||
| 040 |
_aDLC _beng _cDLC _erda _dDLC |
||
| 042 | _apcc | ||
| 050 | 0 | 0 | _aHD 60.3 .A25 |
| 082 | 0 | 0 |
_a657/.32 _223 |
| 100 | _aRimmel, Gunnar (editor) | ||
| 245 | 0 | 0 |
_aAccounting for sustainability / _cedited by Gunnar Rimmel. |
| 250 | _a1 Edition. | ||
| 264 | 1 |
_aNew York : _bRoutledge, Taylor & Francis, Group, _c2021. |
|
| 264 | 4 |
_c2021. _aNew York : _bRoutledge, Taylor & Francis, Group, |
|
| 300 |
_axviii, 212 pages : _billustrations : _c24 cm. |
||
| 336 |
_atext _btxt _2rdacontent |
||
| 337 |
_aunmediated _bn _2rdamedia |
||
| 338 |
_avolume _bnc _2rdacarrier |
||
| 504 | _aIncludes bibliographical references and index. | ||
| 520 |
_a"This book provides a broad overview of how sustainability reporting has grown, how it is used now and where it is heading. Daily, we read and hear in various media about concepts such as corporate social responsibility (CSR), sustainability reporting, sustainability accounting, environmental reports, corporate citizenship or environmental management systems. Accounting for Sustainability decodes this terminology by providing an accessible introduction to the topic that explores sustainability reporting from an internal and external perspective. It begins with an overview of how sustainability reporting has emerged and why it is important, before moving on to cover definitions of key terms and specific theories and frameworks. Subsequent chapters explore the role of financial management, sustainability standards, accounting communication and capital markets. With learning outcomes and study questions embedded in each chapter, this book will be of great interest to students of sustainability reporting and accounting, as well as practitioners taking related professional accreditations"-- _cProvided by publisher. |
||
| 650 | 0 | _aSustainable development reporting. | |
| 650 | 0 | _aSocial responsibility of business. | |
| 650 | 0 | _aEnvironmental responsibility. | |
| 650 | 0 | _aEnvironmental reporting. | |
| 700 | 1 |
_aRimmel, Gunnar, _eeditor. |
|
| 776 | 0 | 8 |
_iOnline version: _tAccounting for sustainability _b1. _dNew York : Routledge, 2020. _z9781003037200 _w(DLC) 2020014174 |
| 906 |
_a7 _bcbc _corignew _d1 _eecip _f20 _gy-gencatlg |
||
| 942 |
_2lcc _cBK |
||
| 999 |
_c43743 _d43743 |
||